| 000 | 00589nam a2200205 a 4500 | ||
|---|---|---|---|
| 005 | 20140412111356.0 | ||
| 008 | 051104s19uu xx 00 eng d | ||
| 020 | _a0-02-683878-8 | ||
| 050 |
_aTR(GS 372.4 _bA1 L.1-B.2(RT) |
||
| 245 | _aReteach (orange), L.1-B.2. | ||
| 250 | _aTeacher's Edition | ||
| 260 |
_aColumbus, Ohio : _bSRA/McGraw-Hill Comp, _c2000. |
||
| 300 | _a119 p. | ||
| 440 | _aSRA open court reading, Orange | ||
| 650 |
_aReading _xStudy and teaching |
||
| 650 |
_aEnglish language _xStudy and teaching |
||
| 999 |
_c105411 _d105411 |
||